LIBRARY & INFORMATION CENTRE, KCAET, TAVANUR

ONLINE PUBLIC ACCESS CATALOGUE (OPAC)

Techno - economic evaluation of solar photovoltaic water pumping system (Record no. 15227)

MARC details
000 -LEADER
fixed length control field 00630nam a22001817a 4500
003 - CONTROL NUMBER IDENTIFIER
control field OSt
088 ## - REPORT NUMBER
Report number P 124
100 ## - MAIN ENTRY--AUTHOR NAME
Personal name MANOJ S
245 ## - TITLE STATEMENT
Title Techno - economic evaluation of solar photovoltaic water pumping system
260 ## - PUBLICATION, DISTRIBUTION, ETC. (IMPRINT)
Place of publication Tavanur 2002
Name of publisher Kelappaji College of Agricultural Engineering and Technology
300 ## - PHYSICAL DESCRIPTION
Number of Pages 52
500 ## - GENERAL NOTE
General note Techno - economic evaluation of solar photovoltaic water pumping system
520 ## - SUMMARY, ETC.
Summary, etc Techno - economic evaluation of solar photovoltaic water pumping system
700 ## - ADDED ENTRY--PERSONAL NAME
Personal name Raheena K. T
700 ## - ADDED ENTRY--PERSONAL NAME
Personal name Prof. C. P Muhammad (Guide)
942 ## - ADDED ENTRY ELEMENTS (KOHA)
Koha item type Project Report
Holdings
Collection code Home library Current library Shelving location Full call number Accession Number Koha item type
Reference KAUAET KAUAET Reference 631.3 MAN/TE P 124 Project Report
free website counter